| 000 | 00562nam a2200205Ia 4500 | ||
|---|---|---|---|
| 005 | 20260429112219.0 | ||
| 008 | 260429s9999||||xx |||||||||||||| ||und|| | ||
| 020 | _a9789360531027 | ||
| 041 | _aEnglish | ||
| 082 |
_a005.133 _bLAM |
||
| 100 | _aLambert, Kenneth A. | ||
| 245 | 0 |
_aFundamentals of python : _bfirst programs / _cKenneth A. Lambert |
|
| 250 | _a3rd ed. | ||
| 260 |
_aIndia : _bCengage, _c2024. |
||
| 300 | _axix, 460 p.; pbk | ||
| 650 | _a Computer programming | ||
| 650 | _a Python programming | ||
| 650 | _aComputer science | ||
| 942 | _cTB | ||
| 999 |
_c52934 _d52934 |
||